| Поле | Название | Значение |
| |
Тип записи |
a |
| |
Библиографический уровень |
m |
| 001 |
Контрольный номер |
admiBOOK00016787 |
| 005 |
Дата корректировки |
20140508173834.7 |
| 010 |
Индекс ISBN |
__ |
| a |
ISBN |
5-91131-313-8 |
| d |
Цена |
132.00 |
| 100 |
Данные общей обработки |
__ |
| a |
Данные общей обработки |
19020202 |||y0 y0189 ca |
| 101 |
Язык документа |
__ |
| a |
Язык текста |
rus |
| 105 |
Кодированные данные (монография) |
__ |
| a |
Кодированные данные (монография) |
zy |
| 200 |
Заглавие и сведения об ответственности |
0_ |
| a |
Заглавие |
Экономика отраслей пищевых производств |
| e |
Сведения, относящиеся к заглавию |
Учебное пособие |
| 205 |
Сведения об издании |
__ |
| b |
Дополнительные сведения об издании |
Гриф УМО |
| 210 |
Выходные данные |
__ |
| a |
Место издания |
М |
| c |
Издательство |
Дашков и К* |
| d |
Дата издания |
2007 |
| 215 |
Физическое описание |
__ |
| a |
Объем |
282с. |
| 606 |
Тематические рубрики |
__ |
| a |
Основная рубрика |
Экономика промышленности |
| x |
Основная подрубрика |
Экономика пищевой промышленности |
| 610 |
Ключевые слова |
__ |
| a |
Ключевые слова |
Экономика промышленности |
| a |
Ключевые слова |
Пищевая промышленность |
| a |
Ключевые слова |
Формы общественной организации промышленного производства |
| a |
Ключевые слова |
Научно-технический прогресс |
| a |
Ключевые слова |
Капитальное строительство в отраслях пищевых производств |
| a |
Ключевые слова |
Размещение предприятий отраслей пищевых производств |
| a |
Ключевые слова |
Трудовые ресурсы отраслей пищевых производств |
| a |
Ключевые слова |
Сырьевые ресурсы отраслей пищевых производств |
| a |
Ключевые слова |
Материальные ресурсы отраслей пищевых производств |
| a |
Ключевые слова |
Основные производственные фонды |
| a |
Ключевые слова |
Оборотные средства предприятия |
| a |
Ключевые слова |
Себестоимость продукции |
| a |
Ключевые слова |
Ценовая политика |
| a |
Ключевые слова |
Цена |
| a |
Ключевые слова |
Эффективность финансово-хозяйственной деятелньости |
| a |
Ключевые слова |
Налоги |
| 675 |
Индекс УДК |
__ |
| a |
Индекс УДК |
338.45:664(075.8) |
| 686 |
Индексы других классификаций |
__ |
| a |
Классификационный индекс |
65.30 |
| a |
Классификационный индекс |
65.304.25 |
| 700 |
Автор |
_1 |
| a |
Фамилия |
Магомедов |
| b |
Имя |
М.Д. |
| 701 |
Альтернативная интеллектуальная ответственность |
_1 |
| a |
Фамилия |
Заздравных А.В. |
| 852 |
Данные о местонахождении |
__ |
| c |
Местонахождение стеллажа |
65.30 |
| c |
Местонахождение стеллажа |
65.304.25 |
| j |
Шифр хранения |
65.30 |
| 852 |
Данные о местонахождении |
__ |
| b |
Сигла хранения |
ЧЗ_1 |
| t |
Номер экземпляра |
2 |
| i |
Авторский знак |
М12 |
| p |
Инвентарный номер |
142946 |
| p |
Инвентарный номер |
142947 |
| 901 |
Тип документа |
__ |
| t |
Тип документа |
m |
| 911 |
|
__ |
| u |
|
952a=Учебное пособие |
| u |
|
952p=1833 |
| 938 |
Служебная информация |
__ |
| a |
Название организации |
Саранский филиал |
| b |
Имя БД |
OUTPUT.MRC_Саранск |
| c |
Название АИБС |
АИБС Библиотека |